<?xml version="1.0" encoding="UTF-8"?>
<resp>
  <nextPage>https://data.bn.org.pl/api/networks/bibs.marcxml?marc=001+b00001150003412&amp;sinceId=1150003413</nextPage>
  <collection>
    <record xmlns='http://www.loc.gov/MARC21/slim'><leader>01093namZa2200313ZiZ4500</leader><controlfield tag='001'>b00001150003412</controlfield><controlfield tag='005'>20241203215324.1</controlfield><controlfield tag='008'>230609s        pl           |000 0 pol c</controlfield><controlfield tag='009'>9913261999905606</controlfield><datafield ind1=' ' ind2=' ' tag='020'><subfield code='a'>MKras / UG / EW</subfield></datafield><datafield ind1=' ' ind2=' ' tag='035'><subfield code='a'>KR_1KR_1_20120318002222081626-48omnis_kr</subfield></datafield><datafield ind1=' ' ind2=' ' tag='035'><subfield code='a'>KR_1_20120318002222081626</subfield><subfield code='9'>ExL</subfield></datafield><datafield ind1=' ' ind2=' ' tag='035'><subfield code='a'>(PL)b00001150003412</subfield></datafield><datafield ind1=' ' ind2=' ' tag='040'><subfield code='a'>KR_1</subfield><subfield code='c'>KR_1</subfield></datafield><datafield ind1='1' ind2=' ' tag='041'><subfield code='a'>pol</subfield><subfield code='h'>eng</subfield></datafield><datafield ind1='1' ind2=' ' tag='100'><subfield code='a'>Dean, James</subfield></datafield><datafield ind1='1' ind2='0' tag='245'><subfield code='a'>Trudne miłości /</subfield><subfield code='c'>książka napisana przez Jamesa Deana na podst. serialu telewizyjnego w reż. Darrena Stara wg scen. Fredericka Rappaporta, Charlesa Pratta, Jr., Darrena Stara ; przeł. Małgorzata Fabianowska.</subfield></datafield><datafield ind1=' ' ind2=' ' tag='260'><subfield code='a'>W-wa :</subfield><subfield code='b'>&quot;Egmont&quot;,</subfield><subfield code='c'>1998.</subfield></datafield><datafield ind1=' ' ind2=' ' tag='300'><subfield code='a'>176 s. ;</subfield><subfield code='c'>17 cm.</subfield></datafield><datafield ind1='1' ind2=' ' tag='490'><subfield code='a'>Melrose Place</subfield></datafield><datafield ind1=' ' ind2=' ' tag='500'><subfield code='a'>d</subfield></datafield><datafield ind1=' ' ind2='9' tag='650'><subfield code='a'>Literatura młodzieżowa amerykańska</subfield></datafield><datafield ind1='1' ind2=' ' tag='700'><subfield code='a'>Fabianowska, Małgorzata</subfield><subfield code='e'>Tł.</subfield></datafield><datafield ind1=' ' ind2=' ' tag='852'><subfield code='b'>48OMNIS_NETWORK</subfield><subfield code='8'>9913261999905606</subfield></datafield><datafield ind1=' ' ind2=' ' tag='852'><subfield code='b'>48OMNIS_KR</subfield><subfield code='8'>991000034109708216</subfield></datafield><datafield ind1=' ' ind2=' ' tag='920'><subfield code='a'>83-7123-688-3</subfield></datafield></record>
  </collection>
</resp>
